[Event "50+ World Senior Team Championship"]
[Site "chess24.com"]
[Date "2017.04.26"]
[Round "3"]
[White "Nunn, John D M"]
[Black "Minasian, Artashes"]
[Result "0-1"]
[Board "2"]
[WhiteElo "2600"]
[WhiteTitle "GM"]
[WhiteCountry "ENG"]
[WhiteFideId "400017"]
[WhiteEloChange "-7"]
[BlackElo "2480"]
[BlackTitle "GM"]
[BlackCountry "ARM"]
[BlackFideId "13300040"]
[BlackEloChange "7"]

1. e4 {[%clk 1:30:56]} c6 {[%clk 1:30:53]} 2. c4 {[%clk 1:31:13]} d6 {[%clk
1:30:16]} 3. d4 {[%clk 1:31:03]} Nf6 {[%clk 1:30:26]} 4. Nc3 {[%clk 1:31:25]} e5
{[%clk 1:30:49]} 5. Nf3 {[%clk 1:31:34]} Nbd7 {[%clk 1:31:03]} 6. Be2 {[%clk
1:31:16]} Be7 {[%clk 1:30:04]} 7. O-O {[%clk 1:31:36]} O-O {[%clk 1:30:30]} 8.
Be3 {[%clk 1:31:36]} Re8 {[%clk 1:28:20]} 9. d5 {[%clk 1:29:09]} c5 {[%clk
1:20:19]} 10. Rb1 {[%clk 1:26:47]} Nf8 {[%clk 1:19:53]} 11. b4 {[%clk 1:23:38]}
cxb4 {[%clk 1:20:01]} 12. Rxb4 {[%clk 1:23:35]} N6d7 {[%clk 1:20:22]} 13. Qc2
{[%clk 1:18:49]} b6 {[%clk 1:11:51]} 14. Rfb1 {[%clk 1:11:28]} Nc5 {[%clk
1:11:39]} 15. a4 {[%clk 1:09:05]} Nb7 {[%clk 1:11:02]} 16. Nb5 {[%clk 0:51:57]}
Nd7 {[%clk 1:10:18]} 17. Ne1 {[%clk 0:52:13]} Ndc5 {[%clk 1:04:32]} 18. Nd3
{[%clk 0:50:23]} h6 {[%clk 0:53:22]} 19. Nxc5 {[%clk 0:49:41]} bxc5 {[%clk
0:52:47]} 20. R4b2 {[%clk 0:47:46]} Bg5 {[%clk 0:43:58]} 21. Bxg5 {[%clk
0:47:14]} hxg5 {[%clk 0:44:26]} 22. Nc3 {[%clk 0:46:25]} Na5 {[%clk 0:42:53]} 23.
Nd1 {[%clk 0:44:43]} Re7 {[%clk 0:31:02]} 24. Ne3 {[%clk 0:39:47]} Rb7 {[%clk
0:31:06]} 25. Rxb7 {[%clk 0:37:50]} Nxb7 {[%clk 0:25:34]} 26. Bg4 {[%clk
0:38:01]} Bxg4 {[%clk 0:25:19]} 27. Nxg4 {[%clk 0:38:22]} Na5 {[%clk 0:25:43]}
28. h3 {[%clk 0:23:56]} Rb8 {[%clk 0:25:41]} 29. Ne3 {[%clk 0:23:57]} Rb4 {[%clk
0:23:12]} 30. Rxb4 {[%clk 0:23:12]} cxb4 {[%clk 0:23:37]} 31. c5 {[%clk 0:23:37]}
b3 {[%clk 0:22:12]} 32. Qc3 {[%clk 0:23:59]} dxc5 {[%clk 0:21:21]} 33. Qxe5
{[%clk 0:23:04]} Qf6 {[%clk 0:18:51]} 34. Qe8+ {[%clk 0:16:40]} Kh7 {[%clk
0:19:17]} 35. e5 {[%clk 0:16:48]} Qg6 {[%clk 0:16:05]} 36. Qb5 {[%clk 0:16:22]}
a6 {[%clk 0:14:31]} 37. Qb8 {[%clk 0:16:45]} c4 {[%clk 0:14:03]} 38. Qb4 {[%clk
0:13:38]} Qb1+ {[%clk 0:08:05]} 39. Kh2 {[%clk 0:14:02]} Qe4 {[%clk 0:08:29]} 40.
e6 {[%clk 0:37:24]} fxe6 {[%clk 0:36:42]} 41. dxe6 {[%clk 0:37:44]} Qe5+ {[%clk
0:21:01]} 42. g3 {[%clk 0:36:01]} Qxe6 {[%clk 0:21:24]} 43. Qxa5 {[%clk 0:28:57]}
b2 {[%clk 0:21:49]} 44. Qb4 {[%clk 0:29:06]} c3 {[%clk 0:22:13]} 45. g4 {[%clk
0:24:15]} Qc6 {[%clk 0:19:45]} 46. Qb3 {[%clk 0:10:14]} Qe4 {[%clk 0:19:12]} 47.
Nc2 {[%clk 0:10:37]} Qf3 {[%clk 0:19:01]} 48. Na3 {[%clk 0:10:15]} Qxf2+ {[%clk
0:19:21]} 49. Kh1 {[%clk 0:10:42]} Qe1+ {[%clk 0:17:24]} 50. Kh2 {[%clk 0:10:40]}
Qd2+ {[%clk 0:16:51]} 51. Kg3 {[%clk 0:10:36]} Qf4+ {[%clk 0:16:40]} 52. Kg2
{[%clk 0:11:00]} Qe4+ {[%clk 0:17:02]} 53. Kf2 {[%clk 0:10:42]} b1Q {[%clk
0:17:09]} 54. Nxb1 {[%clk 0:11:05]} c2 {[%clk 0:17:33]} 0-1

[Event "50+ World Senior Team Championship"]
[Site "chess24.com"]
[Date "2017.04.26"]
[Round "3"]
[White "Movsziszian, Karen"]
[Black "Speelman, Jon S"]
[Result "1/2-1/2"]
[Board "3"]
[WhiteElo "2483"]
[WhiteTitle "GM"]
[WhiteCountry "ARM"]
[WhiteFideId "13301152"]
[BlackElo "2511"]
[BlackTitle "GM"]
[BlackCountry "ENG"]
[BlackFideId "400033"]

1. g3 {[%clk 1:30:02]} d5 {[%clk 1:30:38]} 2. Nf3 {[%clk 1:29:51]} Nf6 {[%clk
1:30:21]} 3. Bg2 {[%clk 1:30:15]} c6 {[%clk 1:30:43]} 4. O-O {[%clk 1:30:09]} Bf5
{[%clk 1:31:07]} 5. d3 {[%clk 1:29:49]} h6 {[%clk 1:31:24]} 6. b3 {[%clk
1:29:23]} e6 {[%clk 1:31:19]} 7. Bb2 {[%clk 1:29:43]} Be7 {[%clk 1:31:12]} 8.
Nbd2 {[%clk 1:29:31]} O-O {[%clk 1:31:22]} 9. e3 {[%clk 1:29:30]} a5 {[%clk
1:29:29]} 10. a4 {[%clk 1:27:34]} Bh7 {[%clk 1:25:44]} 11. Qe2 {[%clk 1:24:02]}
Na6 {[%clk 1:21:23]} 12. Ne5 {[%clk 1:20:59]} Nb4 {[%clk 1:18:55]} 13. Ndf3
{[%clk 1:04:39]} Ne8 {[%clk 1:13:54]} 14. Nd4 {[%clk 0:59:33]} Nc7 {[%clk
1:06:04]} 15. f4 {[%clk 0:58:51]} f6 {[%clk 1:03:34]} 16. Ng4 {[%clk 0:54:31]} c5
{[%clk 0:57:44]} 17. Nf3 {[%clk 0:54:52]} Qd7 {[%clk 0:53:37]} 18. e4 {[%clk
0:52:20]} c4 {[%clk 0:44:35]} 19. bxc4 {[%clk 0:51:34]} dxe4 {[%clk 0:44:59]} 20.
dxe4 {[%clk 0:51:57]} Bc5+ {[%clk 0:38:13]} 21. Kh1 {[%clk 0:49:29]} e5 {[%clk
0:37:40]} 22. f5 {[%clk 0:47:51]} Qe7 {[%clk 0:32:53]} 23. c3 {[%clk 0:44:37]}
Nba6 {[%clk 0:32:03]} 24. Bc1 {[%clk 0:44:58]} Rfd8 {[%clk 0:31:15]} 25. Be3
{[%clk 0:27:39]} Ne8 {[%clk 0:29:15]} 26. Nd2 {[%clk 0:25:30]} Kf8 {[%clk
0:27:03]} 27. Nb3 {[%clk 0:23:43]} Qc7 {[%clk 0:26:20]} 28. Rfb1 {[%clk 0:22:02]}
Bg8 {[%clk 0:25:37]} 29. Nxc5 {[%clk 0:20:31]} Nxc5 {[%clk 0:25:57]} 30. Rb5
{[%clk 0:19:46]} b6 {[%clk 0:25:08]} 31. Bxc5+ {[%clk 0:18:25]} bxc5 {[%clk
0:25:32]} 32. Ne3 {[%clk 0:18:44]} Nd6 {[%clk 0:25:42]} 33. Rb2 {[%clk 0:19:12]}
Rab8 {[%clk 0:25:27]} 34. Rab1 {[%clk 0:19:12]} Rxb2 {[%clk 0:25:27]} 35. Rxb2
{[%clk 0:19:12]} Rb8 {[%clk 0:25:27]} 36. Rxb8+ {[%clk 0:19:12]} Qxb8 {[%clk
0:25:27]} 1/2-1/2

[Event "50+ World Senior Team Championship"]
[Site "chess24.com"]
[Date "2017.04.26"]
[Round "3"]
[White "Greenfeld, Alon"]
[Black "Ivanov, Sergey"]
[Result "0-1"]
[Board "2"]
[WhiteElo "2550"]
[WhiteTitle "GM"]
[WhiteCountry "ISR"]
[WhiteFideId "2800039"]
[WhiteEloChange "-5"]
[BlackElo "2530"]
[BlackTitle "GM"]
[BlackCountry "RUS"]
[BlackFideId "4101375"]
[BlackEloChange "5"]

1. d4 {[%clk 1:24:12]} Nf6 {[%clk 1:30:48]} 2. c4 {[%clk 1:23:21]} e6 {[%clk
1:31:06]} 3. Nf3 {[%clk 1:22:52]} d5 {[%clk 1:31:17]} 4. Nc3 {[%clk 1:22:14]} c6
{[%clk 1:31:29]} 5. e3 {[%clk 1:17:00]} Nbd7 {[%clk 1:31:20]} 6. Bd3 {[%clk
1:16:58]} dxc4 {[%clk 1:31:17]} 7. Bxc4 {[%clk 1:17:22]} b5 {[%clk 1:31:41]} 8.
Be2 {[%clk 1:12:35]} Bb7 {[%clk 1:27:19]} 9. O-O {[%clk 1:02:47]} a6 {[%clk
1:25:07]} 10. e4 {[%clk 1:02:07]} c5 {[%clk 1:24:48]} 11. d5 {[%clk 0:53:52]}
exd5 {[%clk 1:08:06]} 12. e5 {[%clk 0:49:03]} Ne4 {[%clk 1:05:02]} 13. Nxd5
{[%clk 0:44:27]} Nxe5 {[%clk 1:04:27]} 14. Nxe5 {[%clk 0:44:44]} Qxd5 {[%clk
1:04:33]} 15. Qxd5 {[%clk 0:44:13]} Bxd5 {[%clk 1:04:54]} 16. Rd1 {[%clk
0:41:53]} Be6 {[%clk 0:58:43]} 17. a4 {[%clk 0:29:43]} b4 {[%clk 0:57:44]} 18.
Bc4 {[%clk 0:29:43]} Bxc4 {[%clk 0:51:10]} 19. Nxc4 {[%clk 0:30:10]} Be7 {[%clk
0:47:37]} 20. Bf4 {[%clk 0:27:36]} g5 {[%clk 0:41:01]} 21. Be5 {[%clk 0:25:53]}
O-O {[%clk 0:39:55]} 22. f3 {[%clk 0:21:26]} Nf6 {[%clk 0:39:08]} 23. Ne3 {[%clk
0:21:28]} Rfe8 {[%clk 0:29:05]} 24. Nf5 {[%clk 0:19:43]} Nh5 {[%clk 0:28:53]} 25.
Nh6+ {[%clk 0:09:10]} Kf8 {[%clk 0:29:11]} 26. Nf5 {[%clk 0:09:05]} Rad8 {[%clk
0:20:52]} 27. Rxd8 {[%clk 0:07:45]} Bxd8 {[%clk 0:12:05]} 28. Rd1 {[%clk
0:07:46]} Rxe5 {[%clk 0:11:01]} 29. Rxd8+ {[%clk 0:08:03]} Re8 {[%clk 0:11:24]}
30. Rd6 {[%clk 0:07:25]} Ng7 {[%clk 0:10:36]} 31. Nxg7 {[%clk 0:07:10]} Kxg7
{[%clk 0:10:57]} 32. Rxa6 {[%clk 0:05:20]} Re1+ {[%clk 0:10:34]} 33. Kf2 {[%clk
0:05:47]} Rb1 {[%clk 0:10:56]} 34. Ra5 {[%clk 0:04:25]} Rxb2+ {[%clk 0:10:54]}
35. Ke3 {[%clk 0:04:40]} Rxg2 {[%clk 0:06:42]} 36. Rxc5 {[%clk 0:04:41]} Kg6
{[%clk 0:07:00]} 37. h3 {[%clk 0:01:05]} Rh2 {[%clk 0:02:42]} 38. a5 {[%clk
0:01:23]} Rxh3 {[%clk 0:02:28]} 39. a6 {[%clk 0:01:29]} Rh1 {[%clk 0:02:13]} 40.
Ra5 {[%clk 0:31:15]} Re1+ {[%clk 0:32:05]} 41. Kd4 {[%clk 0:30:04]} Re8 {[%clk
0:32:18]} 42. a7 {[%clk 0:16:04]} Ra8 {[%clk 0:32:38]} 43. Kc5 {[%clk 0:15:52]}
h5 {[%clk 0:31:52]} 44. Kb6 {[%clk 0:14:47]} g4 {[%clk 0:31:20]} 45. fxg4 {[%clk
0:13:36]} hxg4 {[%clk 0:31:44]} 46. Kb7 {[%clk 0:13:24]} Rxa7+ {[%clk 0:27:43]}
47. Rxa7 {[%clk 0:13:48]} g3 {[%clk 0:26:55]} 48. Kc6 {[%clk 0:13:58]} b3 {[%clk
0:25:38]} 49. Ra1 {[%clk 0:13:56]} b2 {[%clk 0:24:55]} 50. Rd1 {[%clk 0:10:07]}
g2 {[%clk 0:22:50]} 51. Kd5 {[%clk 0:10:15]} Kf5 {[%clk 0:22:50]} 52. Kd4 {[%clk
0:09:07]} Kf4 {[%clk 0:21:56]} 53. Kc3 {[%clk 0:06:17]} f5 {[%clk 0:21:38]} 54.
Kxb2 {[%clk 0:05:48]} Ke3 {[%clk 0:19:19]} 0-1

[Event "50+ World Senior Team Championship"]
[Site "chess24.com"]
[Date "2017.04.26"]
[Round "3"]
[White "Ionov, Sergey"]
[Black "Soffer, Ram"]
[Result "1/2-1/2"]
[Board "3"]
[WhiteElo "2535"]
[WhiteTitle "GM"]
[WhiteCountry "RUS"]
[WhiteFideId "4100875"]
[BlackElo "2508"]
[BlackTitle "GM"]
[BlackCountry "ISR"]
[BlackFideId "2800101"]

1. d4 {[%clk 1:30:02]} d5 {[%clk 1:22:22]} 2. c4 {[%clk 1:28:45]} c6 {[%clk
1:22:47]} 3. Nf3 {[%clk 1:28:49]} Nf6 {[%clk 1:23:13]} 4. Qc2 {[%clk 1:27:36]}
dxc4 {[%clk 1:23:30]} 5. Qxc4 {[%clk 1:27:59]} Bg4 {[%clk 1:23:56]} 6. Nbd2
{[%clk 1:26:52]} Nbd7 {[%clk 1:21:55]} 7. g3 {[%clk 1:25:15]} e6 {[%clk 1:22:00]}
8. Bg2 {[%clk 1:24:55]} Be7 {[%clk 1:21:37]} 9. O-O {[%clk 1:24:20]} O-O {[%clk
1:22:01]} 10. b3 {[%clk 1:19:21]} Bf5 {[%clk 1:16:32]} 11. Bb2 {[%clk 1:13:43]}
Ne4 {[%clk 1:15:06]} 12. Qc1 {[%clk 1:06:00]} a5 {[%clk 1:08:51]} 13. Nc4 {[%clk
0:46:46]} a4 {[%clk 1:07:41]} 14. Nfd2 {[%clk 0:46:28]} Ndf6 {[%clk 1:00:28]} 15.
Nxe4 {[%clk 0:44:42]} Bxe4 {[%clk 1:00:52]} 16. Bxe4 {[%clk 0:37:12]} Nxe4 {[%clk
1:00:16]} 17. Qc2 {[%clk 0:37:38]} Nd6 {[%clk 1:00:00]} 18. Rad1 {[%clk 0:37:48]}
axb3 {[%clk 0:54:57]} 19. axb3 {[%clk 0:38:13]} Nb5 {[%clk 0:54:40]} 20. e3
{[%clk 0:37:47]} h6 {[%clk 0:50:04]} 21. Ra1 {[%clk 0:33:23]} Rxa1 {[%clk
0:49:54]} 22. Rxa1 {[%clk 0:33:47]} Qd5 {[%clk 0:49:33]} 1/2-1/2

[Event "50+ World Senior Team Championship"]
[Site "chess24.com"]
[Date "2017.04.26"]
[Round "3"]
[White "Zilberman, Yaacov"]
[Black "Solozhenkin, Evgeniy"]
[Result "1/2-1/2"]
[Board "4"]
[WhiteElo "2430"]
[WhiteTitle "GM"]
[WhiteCountry "ISR"]
[WhiteFideId "2801612"]
[BlackElo "2443"]
[BlackTitle "GM"]
[BlackCountry "RUS"]
[BlackFideId "4102266"]

1. Nf3 {[%clk 1:29:37]} c5 {[%clk 1:30:30]} 2. c4 {[%clk 1:29:35]} Nc6 {[%clk
1:30:41]} 3. d4 {[%clk 1:28:50]} cxd4 {[%clk 1:31:06]} 4. Nxd4 {[%clk 1:29:16]}
Nf6 {[%clk 1:22:26]} 5. Nc3 {[%clk 1:29:23]} g6 {[%clk 1:22:39]} 6. e4 {[%clk
1:28:41]} Nxd4 {[%clk 1:21:54]} 7. Qxd4 {[%clk 1:29:04]} d6 {[%clk 1:22:23]} 8.
f3 {[%clk 1:26:27]} Bg7 {[%clk 1:22:47]} 9. Be3 {[%clk 1:26:49]} O-O {[%clk
1:22:28]} 10. Qd2 {[%clk 1:27:12]} Be6 {[%clk 1:21:30]} 11. Rc1 {[%clk 1:26:48]}
Qa5 {[%clk 1:17:19]} 12. Be2 {[%clk 1:24:46]} Rfc8 {[%clk 1:17:02]} 13. b3 {[%clk
1:25:01]} a6 {[%clk 1:15:59]} 14. Na4 {[%clk 1:24:47]} Qxd2+ {[%clk 1:16:15]} 15.
Kxd2 {[%clk 1:25:12]} Nd7 {[%clk 1:16:37]} 16. g4 {[%clk 1:23:38]} f5 {[%clk
1:11:30]} 17. exf5 {[%clk 1:22:10]} gxf5 {[%clk 1:11:56]} 18. h3 {[%clk 1:22:15]}
Rf8 {[%clk 1:06:06]} 19. f4 {[%clk 1:04:41]} d5 {[%clk 0:41:44]} 20. gxf5 {[%clk
0:58:07]} Bxf5 {[%clk 0:41:52]} 21. cxd5 {[%clk 0:56:51]} Rad8 {[%clk 0:41:57]}
22. Bf3 {[%clk 0:52:30]} b5 {[%clk 0:35:34]} 23. Nb6 {[%clk 0:44:34]} Nf6 {[%clk
0:35:40]} 24. Ke2 {[%clk 0:43:18]} Rfe8 {[%clk 0:29:26]} 25. Rc7 {[%clk 0:39:29]}
Kf7 {[%clk 0:26:28]} 26. a4 {[%clk 0:34:44]} Ne4 {[%clk 0:25:56]} 27. Bh5+ {[%clk
0:34:08]} Bg6 {[%clk 0:26:21]} 28. Bxg6+ {[%clk 0:34:13]} hxg6 {[%clk 0:26:36]}
29. Rhc1 {[%clk 0:30:28]} Rh8 {[%clk 0:22:54]} 30. axb5 {[%clk 0:18:32]} axb5
{[%clk 0:23:10]} 31. Kf3 {[%clk 0:16:26]} Nd6 {[%clk 0:18:27]} 32. Kg2 {[%clk
0:15:35]} Nf5 {[%clk 0:18:36]} 33. Bf2 {[%clk 0:11:02]} Bh6 {[%clk 0:17:30]} 34.
Kf3 {[%clk 0:10:20]} Bg7 {[%clk 0:17:49]} 35. Kg2 {[%clk 0:10:08]} Bh6 {[%clk
0:17:42]} 1/2-1/2

[Event "50+ World Senior Team Championship"]
[Site "chess24.com"]
[Date "2017.04.26"]
[Round "3"]
[White "Plaskett, H James"]
[Black "Kantsler, Boris"]
[Result "1-0"]
[Board "1"]
[WhiteElo "2458"]
[WhiteTitle "GM"]
[WhiteCountry "ENG"]
[WhiteFideId "400238"]
[WhiteEloChange "5"]
[BlackElo "2436"]
[BlackTitle "GM"]
[BlackCountry "ISR"]
[BlackFideId "2805359"]
[BlackEloChange "-5"]

1. e4 {[%clk 1:29:27]} c5 {[%clk 1:30:53]} 2. Nf3 {[%clk 1:28:58]} e6 {[%clk
1:31:20]} 3. Nc3 {[%clk 1:29:04]} a6 {[%clk 1:31:40]} 4. d4 {[%clk 1:27:32]} cxd4
{[%clk 1:31:23]} 5. Nxd4 {[%clk 1:26:16]} b5 {[%clk 1:28:59]} 6. Bd3 {[%clk
1:25:32]} Bb7 {[%clk 1:29:23]} 7. Qe2 {[%clk 1:25:50]} Qb6 {[%clk 1:21:39]} 8.
Nb3 {[%clk 1:21:15]} Qc7 {[%clk 1:21:50]} 9. O-O {[%clk 1:18:56]} Nf6 {[%clk
1:17:36]} 10. Bg5 {[%clk 1:13:05]} Be7 {[%clk 1:03:42]} 11. e5 {[%clk 0:59:20]}
b4 {[%clk 1:02:27]} 12. Nb1 {[%clk 0:47:38]} Nd5 {[%clk 0:39:10]} 13. Bxe7 {[%clk
0:48:01]} Nxe7 {[%clk 0:39:37]} 14. N1d2 {[%clk 0:48:15]} Bd5 {[%clk 0:38:36]}
15. Rae1 {[%clk 0:35:07]} Nbc6 {[%clk 0:31:24]} 16. c4 {[%clk 0:32:46]} bxc3
{[%clk 0:31:42]} 17. bxc3 {[%clk 0:33:14]} Na5 {[%clk 0:29:41]} 18. c4 {[%clk
0:27:22]} Nxb3 {[%clk 0:28:56]} 19. axb3 {[%clk 0:26:22]} Bb7 {[%clk 0:27:58]}
20. Qg4 {[%clk 0:22:15]} Ng6 {[%clk 0:27:58]} 21. Nf3 {[%clk 0:17:08]} Bxf3
{[%clk 0:19:59]} 22. Qxf3 {[%clk 0:17:28]} Rb8 {[%clk 0:20:28]} 23. Re3 {[%clk
0:13:07]} d6 {[%clk 0:17:01]} 24. exd6 {[%clk 0:10:00]} Qxd6 {[%clk 0:17:30]} 25.
Rd1 {[%clk 0:09:03]} Qc7 {[%clk 0:12:30]} 26. Qh5 {[%clk 0:04:53]} Nf4 {[%clk
0:10:18]} 27. Qg4 {[%clk 0:04:10]} O-O {[%clk 0:10:21]} 28. Bf1 {[%clk 0:04:24]}
Ng6 {[%clk 0:05:39]} 29. Qe2 {[%clk 0:03:18]} Ne7 {[%clk 0:04:34]} 30. g3 {[%clk
0:03:05]} Nf5 {[%clk 0:04:08]} 31. Red3 {[%clk 0:03:12]} Qc5 {[%clk 0:02:46]} 32.
Bh3 {[%clk 0:02:24]} Ne7 {[%clk 0:01:57]} 33. Bg2 {[%clk 0:01:30]} g6 {[%clk
0:01:48]} 34. Qd2 {[%clk 0:01:16]} Nc6 {[%clk 0:01:14]} 35. Bxc6 {[%clk 0:00:38]}
Qxc6 {[%clk 0:01:43]} 36. Rd6 {[%clk 0:00:52]} Qc5 {[%clk 0:01:49]} 37. Qc3
{[%clk 0:00:46]} Qb4 {[%clk 0:01:25]} 38. R1d3 {[%clk 0:00:46]} Qxc3 {[%clk
0:01:29]} 39. Rxc3 {[%clk 0:01:15]} a5 {[%clk 0:01:51]} 40. Kf1 {[%clk 0:31:01]}
Rb4 {[%clk 0:31:45]} 41. c5 {[%clk 0:25:56]} Rc8 {[%clk 0:28:23]} 42. Rd7 {[%clk
0:12:47]} Rc6 {[%clk 0:20:03]} 43. Ra7 {[%clk 0:10:41]} Rb5 {[%clk 0:19:34]} 44.
Rf3 {[%clk 0:11:01]} f5 {[%clk 0:10:29]} 45. Rd3 {[%clk 0:10:54]} Rc8 {[%clk
0:10:53]} 46. Rdd7 {[%clk 0:08:58]} Rbxc5 {[%clk 0:11:00]} 47. Rg7+ {[%clk
0:09:12]} Kh8 {[%clk 0:11:15]} 48. Rxh7+ {[%clk 0:09:24]} Kg8 {[%clk 0:11:41]}
49. Rag7+ {[%clk 0:07:42]} Kf8 {[%clk 0:12:01]} 50. Ra7 {[%clk 0:07:06]} Kg8
{[%clk 0:12:00]} 51. Rhg7+ {[%clk 0:07:24]} Kf8 {[%clk 0:11:37]} 52. Rxg6 {[%clk
0:07:47]} Re5 {[%clk 0:11:51]} 53. Rh6 {[%clk 0:06:59]} Kg8 {[%clk 0:12:16]} 54.
Rhh7 {[%clk 0:04:50]} Ra8 {[%clk 0:11:44]} 55. Rag7+ {[%clk 0:04:59]} Kf8 {[%clk
0:12:13]} 56. Rb7 {[%clk 0:05:08]} Kg8 {[%clk 0:12:37]} 57. Kg2 {[%clk 0:03:17]}
a4 {[%clk 0:11:47]} 58. Rbg7+ {[%clk 0:02:54]} Kf8 {[%clk 0:12:14]} 59. Rb7
{[%clk 0:02:32]} Kg8 {[%clk 0:12:30]} 60. bxa4 {[%clk 0:02:52]} Rxa4 {[%clk
0:12:57]} 61. Rhe7 {[%clk 0:02:27]} Kf8 {[%clk 0:12:47]} 62. Rec7 {[%clk
0:02:36]} Ra8 {[%clk 0:13:10]} 63. h4 {[%clk 0:02:58]} Re4 {[%clk 0:12:18]} 64.
h5 {[%clk 0:03:15]} Rg4 {[%clk 0:12:30]} 65. h6 {[%clk 0:03:34]} Kg8 {[%clk
0:12:51]} 66. Re7 {[%clk 0:02:03]} Rg6 {[%clk 0:13:00]} 67. Rg7+ {[%clk 0:01:42]}
Rxg7 {[%clk 0:13:29]} 68. Rxg7+ {[%clk 0:01:57]} Kh8 {[%clk 0:13:29]} 69. Re7
{[%clk 0:02:12]} Ra6 {[%clk 0:08:14]} 70. Kf3 {[%clk 0:01:11]} Ra3+ {[%clk
0:04:57]} 71. Kf4 {[%clk 0:01:35]} Ra2 {[%clk 0:04:35]} 72. Kg5 {[%clk 0:01:19]}
1-0

[Event "50+ World Senior Team Championship"]
[Site "chess24.com"]
[Date "2017.04.26"]
[Round "3"]
[White "Gruenfeld, Yehuda"]
[Black "Lewis, Andrew P"]
[Result "0-1"]
[Board "2"]
[WhiteElo "2410"]
[WhiteTitle "GM"]
[WhiteCountry "ISR"]
[WhiteFideId "2800020"]
[WhiteEloChange "-7"]
[BlackElo "2245"]
[BlackTitle "FM"]
[BlackCountry "ENG"]
[BlackFideId "400955"]
[BlackEloChange "14"]

1. e4 {[%clk 1:30:58]} c5 {[%clk 1:30:45]} 2. Nf3 {[%clk 1:31:23]} Nc6 {[%clk
1:30:42]} 3. Bb5 {[%clk 1:30:59]} d6 {[%clk 1:30:25]} 4. O-O {[%clk 1:30:39]} Bd7
{[%clk 1:30:24]} 5. Re1 {[%clk 1:30:28]} Nf6 {[%clk 1:29:21]} 6. c3 {[%clk
1:22:49]} a6 {[%clk 1:29:23]} 7. Ba4 {[%clk 1:21:55]} b5 {[%clk 1:22:56]} 8. Bc2
{[%clk 1:21:28]} Bg4 {[%clk 1:21:43]} 9. d3 {[%clk 1:21:35]} e6 {[%clk 1:18:40]}
10. Nbd2 {[%clk 1:21:41]} Be7 {[%clk 1:17:12]} 11. h3 {[%clk 1:21:44]} Bxf3
{[%clk 1:14:58]} 12. Nxf3 {[%clk 1:21:53]} d5 {[%clk 1:12:31]} 13. e5 {[%clk
1:17:33]} Nd7 {[%clk 1:12:10]} 14. d4 {[%clk 1:14:30]} a5 {[%clk 1:01:33]} 15.
Be3 {[%clk 1:09:04]} c4 {[%clk 0:56:45]} 16. Nd2 {[%clk 1:07:12]} h5 {[%clk
0:50:46]} 17. f4 {[%clk 1:05:07]} g6 {[%clk 0:50:33]} 18. Qf3 {[%clk 1:03:37]} h4
{[%clk 0:48:55]} 19. a4 {[%clk 1:03:49]} Nb6 {[%clk 0:38:14]} 20. axb5 {[%clk
1:01:58]} Nb8 {[%clk 0:38:25]} 21. b3 {[%clk 1:01:26]} cxb3 {[%clk 0:37:52]} 22.
Bxb3 {[%clk 1:01:02]} a4 {[%clk 0:33:15]} 23. Ba2 {[%clk 0:58:48]} O-O {[%clk
0:33:02]} 24. c4 {[%clk 0:54:15]} dxc4 {[%clk 0:32:58]} 25. Nxc4 {[%clk 0:47:31]}
N8d7 {[%clk 0:32:44]} 26. Nd2 {[%clk 0:44:23]} Ra5 {[%clk 0:28:20]} 27. Rab1
{[%clk 0:44:36]} Qa8 {[%clk 0:27:58]} 28. Qxa8 {[%clk 0:37:24]} Raxa8 {[%clk
0:27:48]} 29. Ne4 {[%clk 0:32:20]} Rfc8 {[%clk 0:24:14]} 30. Rec1 {[%clk
0:32:44]} Nd5 {[%clk 0:17:51]} 31. Bd2 {[%clk 0:32:25]} Ba3 {[%clk 0:14:43]} 32.
Rc6 {[%clk 0:31:50]} N7b6 {[%clk 0:14:19]} 33. Nd6 {[%clk 0:29:48]} Rd8 {[%clk
0:09:26]} 34. Kf2 {[%clk 0:26:28]} Rd7 {[%clk 0:08:22]} 35. Kf3 {[%clk 0:25:21]}
Rb8 {[%clk 0:05:54]} 36. Ne4 {[%clk 0:22:41]} Kg7 {[%clk 0:05:03]} 37. Nc5 {[%clk
0:20:32]} Ra7 {[%clk 0:04:43]} 38. Na6 {[%clk 0:19:15]} Rbb7 {[%clk 0:03:37]} 39.
Ke4 {[%clk 0:12:47]} Be7 {[%clk 0:03:02]} 40. Ba5 {[%clk 0:41:25]} Bd8 {[%clk
0:31:25]} 41. Be1 {[%clk 0:37:32]} Rd7 {[%clk 0:27:13]} 42. Nb4 {[%clk 0:31:29]}
Be7 {[%clk 0:13:18]} 43. Nxd5 {[%clk 0:29:50]} Nxd5 {[%clk 0:13:24]} 44. b6
{[%clk 0:25:34]} Rab7 {[%clk 0:13:43]} 45. Ba5 {[%clk 0:19:01]} a3 {[%clk
0:12:16]} 46. Rb5 {[%clk 0:12:19]} Bd8 {[%clk 0:09:05]} 47. Rb3 {[%clk 0:11:03]}
Be7 {[%clk 0:06:54]} 48. Kf3 {[%clk 0:11:20]} Bf8 {[%clk 0:04:45]} 49. Rb5 {[%clk
0:06:23]} Be7 {[%clk 0:02:25]} 50. Rb1 {[%clk 0:06:31]} Bf8 {[%clk 0:02:10]} 51.
Bc4 {[%clk 0:04:52]} Be7 {[%clk 0:01:26]} 52. Ba6 {[%clk 0:04:51]} Rb8 {[%clk
0:01:33]} 53. Bc8 {[%clk 0:03:20]} Rd8 {[%clk 0:00:58]} 54. b7 {[%clk 0:03:41]}
Rdxc8 {[%clk 0:01:02]} 55. bxc8Q {[%clk 0:00:55]} Rxb1 {[%clk 0:01:25]} 56. Qa8
{[%clk 0:00:44]} Rb3+ {[%clk 0:01:03]} 57. Kf2 {[%clk 0:00:47]} a2 {[%clk
0:01:14]} 58. Rc8 {[%clk 0:00:41]} Rb2+ {[%clk 0:00:50]} 59. Kf3 {[%clk 0:00:41]}
Rb3+ {[%clk 0:00:56]} 0-1